Analog communication / (Record no. 99351)

MARC details
000 -LEADER
fixed length control field 00633nam a22002057a 4500
005 - DATE AND TIME OF LATEST TRANSACTION
control field 20160407151711.0
010 ## - LCCN (DPL NO)
LC control number ENG-115024
020 ## - INTERNATIONAL STANDARD BOOK NUMBER
International Standard Book Number 9788120350953
Terms of availability 395.00
035 ## - SYSTEM CONTROL NUMBER
System control number EN-98556
037 ## - SOURCE OF ACQUISITION
Source of stock number/acquisition DBAD/PUB
082 ## - DEWEY DECIMAL CLASSIFICATION NUMBER
Classification number 621.382
100 ## - MAIN ENTRY--PERSONAL NAME
Personal name Tomar, Geetam Singh
245 ## - TITLE STATEMENT
Title Analog communication /
Statement of responsibility, etc by Geetam Singh Tomar [and] Ashish Bagwari
260 ## - PUBLICATION, DISTRIBUTION, ETC. (IMPRINT)
Place of publication, distribution, etc Delhi
Name of publisher, distributor, etc PHI Learning
Date of publication, distribution, etc 2016
270 ## - ADDRESS
Address Rimjhim House, 111, Patparganj Industrial Estate,
City Delhi
Postal code 110092
300 ## - PHYSICAL DESCRIPTION
Extent xvii,413p. :
Dimensions 24cm(pbk)
Other physical details ill.
500 ## - GENERAL NOTE
General note Includes index
700 ## - ADDED ENTRY--PERSONAL NAME
Personal name Bagwari, Ashish
942 ## - ADDED ENTRY ELEMENTS (KOHA)
Source of classification or shelving scheme Dewey Decimal Classification
Item type English Books
Call number suffix TOM
Classification part 621.382
Holdings
Withdrawn status Lost status Not for loan Collection code Home library Current library Date acquired Source of acquisition Cost, normal purchase price Full call number Barcode Copy number Cost, replacement price Koha item type
    Not For Loan Non-fiction D.B.Act.Division D.B.Act.Division 25/02/2016 DBAD/PUB 395.00 621.382 TOM EN-98556 1 395.00 English Books

© Delhi Public Library
Hit Counter
free hit counter